000 00248nam a2200109Ia 4500
008 190216s9999||||xx |||||||||||||| ||und||
100 _aNarayana Panicker R
245 0 _aKusuma
260 _bMacmillan India Ltd
650 _aKavithkal
942 _cBK
999 _c24098
_d24098